Welcome to CU Library Online Public Access Catalogue (OPAC)

INTRODUCTION TO TROPICAL SOIL SCIENCE (Record no. 7698)

MARC details
000 -LEADER
fixed length control field 00357nam a22001337a 4500
005 - DATE AND TIME OF LATEST TRANSACTION
control field 20250925083117.0
008 - FIXED-LENGTH DATA ELEMENTS--GENERAL INFORMATION
fixed length control field 250925b |||||||| |||| 00| 0 eng d
050 ## - LIBRARY OF CONGRESS CALL NUMBER
Classification number S599
Item number .9.T9 OLA
100 ## - MAIN ENTRY--PERSONAL NAME
Personal name OLAITAN S.O.
245 ## - TITLE STATEMENT
Title INTRODUCTION TO TROPICAL SOIL SCIENCE
260 ## - PUBLICATION, DISTRIBUTION, ETC.
Place of publication, distribution, etc. LONDON
Name of publisher, distributor, etc. MACMILLAN EDUCATION, LTD
Date of publication, distribution, etc. 1984
300 ## - PHYSICAL DESCRIPTION
Extent ix, 126p
942 ## - ADDED ENTRY ELEMENTS (KOHA)
Source of classification or shelving scheme Library of Congress Classification
Koha item type Books
Suppress in OPAC No
999 ## -
-- 7698
-- 7698
Holdings
Withdrawn status Lost status Source of classification or shelving scheme Damaged status Not for loan Collection Home library Current library Shelving location Date acquired Total checkouts Full call number Barcode Date last seen Copy number Price effective from Koha item type
    Library of Congress Classification     Non-fiction Undergraduate Library (Christ Temple) Undergraduate Library (Christ Temple) General stacks 09/25/2025   S599.9.T9 OLA ulct00005009 09/25/2025 1 09/25/2025 Books
    Library of Congress Classification     Non-fiction Undergraduate Library (Christ Temple) Undergraduate Library (Christ Temple) General stacks 09/27/2025   S599.9.T9 OLA ulct00005116 09/27/2025 1 09/27/2025 Books
    Library of Congress Classification     Non-fiction Undergraduate Library (Christ Temple) Undergraduate Library (Christ Temple) General stacks 10/15/2025   S591 DJO ulct00005162 10/15/2025 1 10/15/2025 Books
    Library of Congress Classification     Non-fiction Undergraduate Library (Christ Temple) Undergraduate Library (Christ Temple) General stacks 10/15/2025   S591 DJO ulct00005163 10/15/2025 2 10/15/2025 Books
    Library of Congress Classification     Non-fiction Undergraduate Library (Christ Temple) Undergraduate Library (Christ Temple) General stacks 10/15/2025   S591 DJO ulct00005164 10/15/2025 3 10/15/2025 Books
© 2023-2024 Copyright: Central University Libraries. All Rights Reserved | Created by: Mahone Tech Office